[Event "Paris-ch op-B"]
[Site "Paris"]
[Date "2009.07.09"]
[Round "6"]
[White "Baches, Frederic"]
[Black "Brumant, Jean Claude"]
[Result "1-0"]
[WhiteElo "1840"]
[BlackElo "1724"]
[PlyCount "137"]
[EventDate "2009.07.04"]
[EventType "swiss"]
[EventRounds "9"]
[EventCountry "FRA"]
[SourceTitle "EXT 2010"]
[Source "ChessBase"]
[SourceDate "2010.11.25"]
[SourceVersion "1"]
[SourceVersionDate "2010.11.25"]
[SourceQuality "1"]

1. e4 c5 2. Nc3 Nc6 3. g3 g6 4. Bg2 Bg7 5. d3 Nh6 6. h4 d6 7. h5 Ng4 8. f3 Nh6 9. Be3 f5 10. Qd2 Nf7 11. 0-0-0 Qa5 12. Nge2 Be6 13. Kb1 Nb4 14. a3 Nc6 15. hxg6 hxg6 16. Rxh8+ Bxh8 17. Rh1 Kd7 18. d4 cxd4 19. Nxd4 Nxd4 20. Bxd4 Bxd4 21. Qxd4 Qe5 22. Qb4 Nd8 23. f4 Qc5 24. Qxc5 dxc5 25. Na4 Rc8 26. e5 b6 27. Rh6 Bf7 28. Nc3 Nc6 29. Rh7 Bg8 30. Rg7 Nd4 31. Kc1 b5 32. Rxg6 b4 33. Nb1 Bf7 34. Rg5 Be6 35. c3 bxa3 36. Nxa3 Nb3+ 37. Kc2 Rh8 38. c4 Nd4+ 39. Kc3 Rh2 40. Bb7 Ne2+ 41. Kb3 Nc1+ 42. Kc3 Ne2+ 43. Kd3 Kc7 44. Bd5 Bd7 45. Rg7 Nc1+ 46. Ke3 Re2+ 47. Kf3 Ba4 48. Nb5+ Bxb5 49. cxb5 Kb6 50. Rxe7 Rxb2 51. Rb7+ Ka5 52. Rxa7+ Kb4 53. b6 Ne2 54. g4 Nd4+ 55. Kg3 Ne2+ 56. Kh4 Kc3 57. Ra2 Rxb6 58. Rxe2 fxg4 59. e6 Rb8 60. e7 Re8 61. Kxg4 Kd3 62. Kf3 c4 63. f5 c3 64. f6 c2 65. Be4+ Kc3 66. Rxc2+ Kd4 67. Bg6 Rh8 68. e8Q Rh3+ 69. Kg4 1-0

[Event "Reunion op 10th"]
[Site "St Denis"]
[Date "2008.10.12"]
[Round "2"]
[White "Baches, Frederic"]
[Black "Letreguilly, Olivier"]
[Result "0-1"]
[WhiteElo "1836"]
[BlackElo "2339"]
[PlyCount "56"]
[EventDate "2008.10.11"]
[EventType "swiss"]
[EventRounds "9"]
[EventCountry "RUF"]
[SourceTitle "EXT 2009"]
[Source "ChessBase"]
[SourceDate "2008.11.26"]
[SourceVersion "1"]
[SourceVersionDate "2008.11.26"]
[SourceQuality "1"]

1. e4 d5 2. exd5 Nf6 3. d4 Nxd5 4. Nf3 Bg4 5. Be2 e6 6. 0-0 Be7 7. c4 Nb6 8. b3 0-0 9. Be3 Nc6 10. h3 Bf5 11. g4 Bg6 12. Ne5 Nxe5 13. dxe5 Nd7 14. f4 f6 15. f5 Bf7 16. Nc3 Nxe5 17. Qc2 a6 18. Rad1 Qe8 19. Qe4 Qc6 20. fxe6 Bxe6 21. Nd5 Bc5 22. Bxc5 Qxc5+ 23. Kh2 Rad8 24. g5 Bxd5 25. cxd5 Qd6 26. Kg2 fxg5 27. Rxf8+ Rxf8 28. Re1 Rf4 0-1